Pre-lectura 1
Saved in:
| Main Authors: | , |
|---|---|
| Format: | Bog |
| Sprog: | spansk |
| Udgivet: |
Barcelona
J. Domingo Ferrer S.A
1975
|
| Udgivelse: | 2a. ed |
| Fag: | |
| Tags: |
Tilføj Tag
Ingen Tags, Vær først til at tagge denne postø!
|
MARC
| LEADER | 00000nam a2200000 a 4500 | ||
|---|---|---|---|
| 001 | UCI3693 | ||
| 003 | CL-VaPUC | ||
| 008 | 071123e19750000SP |||||||||||||||||spa|d | ||
| 082 | 0 | 4 | |a 372.41 |b LAF |2 21 |
| 100 | 0 | |a Lafontaine, Cecile |e author |9 525202 | |
| 700 | 0 | |a Vogel, Heinz |e author |9 525203 | |
| 245 | 1 | 0 | |a Pre-lectura 1 |
| 250 | |a 2a. ed | ||
| 300 | |a 48 p | ||
| 942 | |c BK | ||
| 945 | |d 20071123 00:00:00 |a rbrito | ||
| 260 | |a Barcelona |b J. Domingo Ferrer S.A |c 1975 | ||
| 650 | 0 | |a Enseñanza de la lectura |9 308364 | |
| 650 | 0 | |a Lectura |9 307634 | |
| 650 | 0 | |a Educación básica |9 224933 | |
| 583 | |a last modification |c 20071123 00:00:00 |k Rodrigo Vera | ||
| 999 | |c 327825 |d 327823 | ||
| 952 | |0 0 |1 0 |2 ddc |4 0 |6 372_410000000000000_LAF_1975 |7 0 |8 A |9 411293 |a BIBEDU |b BIBEDU |c GEN |d 2019-11-22 |i 4391977 |o 372.41 LAF 1975 |p 4391977 |r 2019-11-22 |w 2019-11-22 |y BK |k EPE | ||